000 00716nam a22002297a 4500
003 UA-OsUOA
001 50009
007 ta
008 20071018b un ||||| |||| 00| 0 ukr d
090 _a94(477)"19/20"(075.8)
_bІ-90
942 _cBK
040 _aUA-OsUOA
_bukr
_cUA-OsUOA
_dUA-OsUOA
245 _aІсторія України ХХ-початку ХХІ століття
_bНавчальний посібник
_cВ. А. Смолій
300 _a582 с.
955 _a2
041 _aukr
080 _a94(477)"19/20"(075.8)
020 _a966-8148-17-7
260 _aК.
_bЗнання
_c2004
650 7 _a9 Географія. Біографії. Історія
_2UDC
999 _c336103
_d336103